000 00417nam a2200181Ia 4500
001 10240
005 20260306161817.0
008 260306t1983||||xx |||||||||||||| ||spa||
041 _aESP
082 _a909.81
_bS17
100 _aSalvat, Juan (dir.)
_eAUT
245 0 _aLibro del año 1983
260 _c1983
300 _a291 páginas :
_c30 cm.
650 _aGEN
654 _aCHU
942 _cLIB
_dJUS
_fJUS
_2ddc
_n
999 _c10240
_d10240